00562 2200229 4500001002100000005001500021008004100036035001900077041000700096082001200103090001800115100002100133700001800154245002700172260001400199300002100213500001100234650002200245990001900267990002300286990002300309INLIS00000000000474220241224112953241224||||||||| | ||| |||| || |  0010-1224004742 aen0 a629.203 a629.203 URI k0 aYuliadi Soekardi0 aUrip Yuswardi00aKamus Istilah Otomotif bM2Sc2005 a296 hlm. ; 21 cm aCet. 1 0aIlmu Keterampilan a05.07.01.01.09 a05.17.01.06.03.001 a05.17.01.06.03.002